| 000 | 01508nam a2200277 i 4500 | ||
|---|---|---|---|
| 001 | 151452 | ||
| 003 | ES-MaACL | ||
| 005 | 20250831104644.0 | ||
| 008 | 931025s1877 sp af |||| | spa d | ||
| 100 | 1 |
_aAmador de los Ríos, José, _d1818-1878 _921088 |
|
| 245 | 1 | 0 |
_aIglesia de San Miguel de Lillo y Palacio de Ramiro I, actualmente destinado á iglesia parroquial bajo el nombre de Santa María del Naranco (Asturias, Concejo de Oviedo) / _cpor José Amador de los Ríos ; publícase á expensas del Estado bajo la inspección de la Real Academia de Bellas Artes de San Fernando. |
| 260 |
_aMadrid : _bJosé Gil Dorregaray, _c1877 ( _fImp. de T. Fortanet y Calcografía nacional) |
||
| 300 |
_a36 p., [1] h., [5] h. de grab. : _bgrab. ; _c72 cm. |
||
| 490 | 1 | _aMonumentos arquitectónicos de España. Monumentos latino-bizantinos de la Monarquía Astur-Leonesa | |
| 546 | _aTexto paralelo español, francés. | ||
| 597 | _aTexto a dos col. | ||
| 599 | _aLas h. de grab. calc. | ||
| 610 | 2 | 7 |
_aIglesia de Santa María del Naranco (Oviedo) _2 _9150874 |
| 610 | 2 | 7 |
_aIglesia de San Miguel de Lillo _2 _9150875 |
| 650 | 4 |
_aArte prerrománico- _zAsturias (Comunidad Autónoma) _910276 |
|
| 651 | 4 |
_aOviedo- _xEdificios, estructuras, etc. _9151109 |
|
| 710 | 2 |
_aReal Academia de Bellas Artes de San Fernando. _96291 |
|
| 830 | 0 | 0 |
_aMonumentos arquitectónicos de España _9187641 |
| 852 |
_aES-MaACL _jB-6984(2) _z-- Enc. tela _x-- Edic.: 36 p., [6] h. de lám. |
||
| 999 |
_c151452 _d151452 |
||